| Tag |
First Indicator |
Second Indicator |
Subfields |
| LEADER |
00000pam a2200000 a 4500 |
| 001 |
in00000069409 |
| 005 |
20151008053350.0 |
| 008 |
790725s1979 nyua j 00010cengm |
| 010 |
|
|
|a 77026581
|
| 020 |
|
|
|a 0690038747 :
|c $8.95
|
| 020 |
|
|
|a 0690038755 (lib. bdg.) :
|c $7.89
|
| 035 |
|
|
|a (OCoLC)05265308
|
| 035 |
|
|
|9 AAH7184AM
|
| 040 |
|
|
|a DLC
|c DLC
|d m.c.
|d TXA
|d UtOrBLW
|
| 043 |
|
|
|a n-us-dc
|a n-us-nc
|
| 049 |
|
|
|a [Curr Col] TXAM
|c [1387722]
|
| 050 |
0 |
0 |
|a F264 P37
|b G73 1979
|
| 082 |
0 |
|
|a 920/.0092/96073
|a 920
|
| 100 |
1 |
|
|a Greenfield, Eloise.
|
| 245 |
1 |
0 |
|a Childtimes :
|b a three-generation memoir /
|c by Eloise Greenfield and Lessie Jones Little ; with material by Pattie Ridley Jones ; drawings by Jerry Pinkney and photographs from the authors' family albums.
|
| 250 |
|
|
|a 1st ed.
|
| 264 |
|
1 |
|a New York :
|b Crowell,
|c [1979]
|
| 264 |
|
4 |
|c ©1979
|
| 300 |
|
|
|a 175 pages :
|b illustrations ;
|c 22 cm.
|
| 336 |
|
|
|a text
|b txt
|2 rdacontent
|
| 337 |
|
|
|a unmediated
|b n
|2 rdamedia
|
| 338 |
|
|
|a volume
|b nc
|2 rdacarrier
|
| 520 |
|
|
|a Childhood memoirs of three black women--grandmother, mother, and daughter-who grew up between the 1880's and the 1950's.
|
| 586 |
|
|
|a Coretta Scott King Author Honor Book, 1980
|
| 600 |
1 |
0 |
|a Jones, Pattie Ridley
|v Juvenile literature.
|
| 600 |
1 |
0 |
|a Little, Lessie Jones
|v Juvenile literature.
|
| 600 |
1 |
0 |
|a Greenfield, Eloise
|v Juvenile literature.
|
| 600 |
1 |
1 |
|a Jones, Pattie Ridley.
|
| 600 |
1 |
1 |
|a Little, Lessie Jones.
|
| 600 |
1 |
1 |
|a Greenfield, Eloise.
|
| 650 |
|
0 |
|a African American children
|v Biography
|v Juvenile literature.
|
| 650 |
|
1 |
|a African Americans
|v Biography.
|
| 651 |
|
0 |
|a Parmele (N.C.)
|v Biography
|v Juvenile literature.
|
| 651 |
|
0 |
|a Washington (D.C.)
|v Biography
|v Juvenile literature.
|
| 700 |
1 |
|
|a Little, Lessie Jones.
|
| 700 |
1 |
|
|a Jones, Pattie Ridley.
|
| 700 |
1 |
|
|a Pinkney, Jerry.
|
| 999 |
|
|
|a MARS
|
| 999 |
f |
f |
|s ceae3f1b-c1d2-3018-afd1-8a3a2ec0cd86
|i edf1eab6-5c3a-3439-804c-04edabda63a8
|t 0
|
| 952 |
f |
f |
|p ric
|a Texas A&M University
|b Rellis Campus
|c Joint Library Facility
|d Remote Storage
|t 0
|e F264.P37 G73 1979
|h Library of Congress classification
|i unmediated -- volume
|m A14805916059
|
| 998 |
f |
f |
|a F264.P37 G73 1979
|t 0
|l Remote Storage
|